<?xml version="1.0" encoding="UTF-8"?>
<record
    xmlns:xsi="http://www.w3.org/2001/XMLSchema-instance"
    xsi:schemaLocation="http://www.loc.gov/MARC21/slim http://www.loc.gov/standards/marcxml/schema/MARC21slim.xsd"
    xmlns="http://www.loc.gov/MARC21/slim">

  <leader>04208cam a22005054a 4500</leader>
  <datafield tag="999" ind1=" " ind2=" ">
    <subfield code="c">32199</subfield>
    <subfield code="d">32199</subfield>
  </datafield>
  <controlfield tag="001">15461063</controlfield>
  <controlfield tag="003">OSt</controlfield>
  <controlfield tag="005">20170120104840.0</controlfield>
  <controlfield tag="008">080922s2009    njuaf    b    101 0 eng  </controlfield>
  <datafield tag="010" ind1=" " ind2=" ">
    <subfield code="a">  2008041827</subfield>
  </datafield>
  <datafield tag="015" ind1=" " ind2=" ">
    <subfield code="a">GBA885511</subfield>
    <subfield code="2">bnb</subfield>
  </datafield>
  <datafield tag="015" ind1=" " ind2=" ">
    <subfield code="a">GBA885511</subfield>
    <subfield code="2">dnb</subfield>
  </datafield>
  <datafield tag="016" ind1="7" ind2=" ">
    <subfield code="a">101484899</subfield>
    <subfield code="2">DNLM</subfield>
  </datafield>
  <datafield tag="016" ind1="7" ind2=" ">
    <subfield code="a">014662122</subfield>
    <subfield code="2">Uk</subfield>
  </datafield>
  <datafield tag="020" ind1=" " ind2=" ">
    <subfield code="a">9780470193402 (cloth)</subfield>
  </datafield>
  <datafield tag="020" ind1=" " ind2=" ">
    <subfield code="a">0470193409 (cloth)</subfield>
  </datafield>
  <datafield tag="035" ind1=" " ind2=" ">
    <subfield code="a">(OCoLC)ocn256770428</subfield>
  </datafield>
  <datafield tag="040" ind1=" " ind2=" ">
    <subfield code="a">DNLM/DLC</subfield>
    <subfield code="c">DLC</subfield>
    <subfield code="d">NLM</subfield>
    <subfield code="d">C#P</subfield>
    <subfield code="d">UKM</subfield>
    <subfield code="d">YDXCP</subfield>
    <subfield code="d">BAKER</subfield>
    <subfield code="d">BTCTA</subfield>
    <subfield code="d">DEBBG</subfield>
    <subfield code="d">DLC</subfield>
  </datafield>
  <datafield tag="042" ind1=" " ind2=" ">
    <subfield code="a">pcc</subfield>
  </datafield>
  <datafield tag="050" ind1="0" ind2="0">
    <subfield code="a">R857.M3</subfield>
    <subfield code="b">I525 2006</subfield>
  </datafield>
  <datafield tag="060" ind1="0" ind2="0">
    <subfield code="a">2009 K-780</subfield>
  </datafield>
  <datafield tag="060" ind1="1" ind2="0">
    <subfield code="a">QT 37</subfield>
    <subfield code="b">I614a 2009</subfield>
  </datafield>
  <datafield tag="082" ind1="0" ind2="0">
    <subfield code="a">610.28</subfield>
    <subfield code="2">22</subfield>
  </datafield>
  <datafield tag="084" ind1=" " ind2=" ">
    <subfield code="a">YI 3205</subfield>
    <subfield code="2">rvk</subfield>
  </datafield>
  <datafield tag="111" ind1="2" ind2=" ">
    <subfield code="a">International Conference on Design of Biomaterials</subfield>
    <subfield code="d">(2006 :</subfield>
    <subfield code="c">Indian Institute of Technology Kanpur)</subfield>
  </datafield>
  <datafield tag="245" ind1="1" ind2="0">
    <subfield code="a">Advanced Biomaterials :</subfield>
    <subfield code="b">Fundamentals, Processing, and Applications /</subfield>
    <subfield code="c">edited by Bikramjit Basu, Dhirendra Katti, and Ashok Kumar.</subfield>
  </datafield>
  <datafield tag="260" ind1=" " ind2=" ">
    <subfield code="a">Hoboken, N.J. :</subfield>
    <subfield code="b">John Wiley &amp; Sons ;</subfield>
    <subfield code="a">[Westerville, Ohio] :</subfield>
    <subfield code="b">The American Ceramic Society,</subfield>
    <subfield code="c">c2009.</subfield>
  </datafield>
  <datafield tag="300" ind1=" " ind2=" ">
    <subfield code="a">xxii, 746 p., [8] p. of plates :</subfield>
    <subfield code="b">ill. (some col.) ;</subfield>
    <subfield code="c">25 cm.</subfield>
  </datafield>
  <datafield tag="500" ind1=" " ind2=" ">
    <subfield code="a">This volume is an outcome of the International Conference on Design of Biomaterials, organised at Indian Institute of Technology Kanpur, India during 8-11th December, 2006.</subfield>
  </datafield>
  <datafield tag="504" ind1=" " ind2=" ">
    <subfield code="a">Includes bibliographical references and index.</subfield>
  </datafield>
  <datafield tag="505" ind1="0" ind2=" ">
    <subfield code="a">Fundamentals of biomaterials and biocompatibility / Bikramjit Basu and Shekhar Nath -- Fundamentals of hydroxyapatite and related calcium phosphates / Racquel Zapanta LeGeros ... [et al.] -- Materials for orthopedic applications / Shekhar Nath and Bikramjit Basu -- The micro macroporous biphasic calcium phosphate concept for bone reconstruction and tissue engineering / Guy Daculsi, Franck Jegoux, and Pierre Layrolle -- Science and technology integrated titanium dental implant systems / Yoshiki Oshida and Elif Bahar Tuna -- Injectable hydrogels as biomaterials / Lakshmi S. Nair, Cato T. Laurencin, and Mayank Tandon -- Nanomaterials for improved orthopedic and bone tissue engineering applications / Lijie Zhang ... [et al.] -- Introduction to processing of biomaterials / Dhirendra S. Katti ... [et al.] -- Laser processing of orthopedic biomaterials / Rajarshi Banerjee and Soumya Nag -- Functionally graded all ceramic hip joint / Omer Van der Biest ... [et al.] -- Medical devices based on bioinspired ceramics / P&#xED;o Gonz&#xE1;lez ... [et al.] -- Ionomer glasses : design and characterization / Artemis Stamboulis and Fei Wang --</subfield>
  </datafield>
  <datafield tag="505" ind1="0" ind2=" ">
    <subfield code="a">Designing nanofibrous scaffolds for tissue engineering / Neha Arya, Poonam Sharma, and Dhirendra S. Katti -- Design of supermacroporous biomaterials via gelation at subzero temperatures-cryogelation / Fatima M. Plieva ... [et al.] -- Biomaterial applications / Ashok Kumar, Akshay Srivastava, and Era Jain -- Cell-based nanocomposites and biomolecules for bone tissue engineering / Michelle Ngiam ... [et al.] -- Orthopedic interface tissue engineering : building the bridge to integrated musculoskeletal tissue systems / Helen H. Lu, Kristen L. Moffat, and Jeffrey P. Spalazzi -- Cells of the nervous system and electrical stimulation / Carlos Atico Ariza and Surya K. Mallapragada -- Placental umbilical cord blood : a true blood substitute / Niranjan Bhattacharya -- Supported cell mimetic monolayers and their blood compatibility / K. Kaladhar and Chandra P. Sharma -- Titanium nitride and diamond like carbon coatings for cardiovascular applications / C.V. Muraleedharan and G.S. Bhuvaneshwar.</subfield>
  </datafield>
  <datafield tag="650" ind1=" " ind2="0">
    <subfield code="a">Biomedical materials</subfield>
    <subfield code="v">Congresses.</subfield>
  </datafield>
  <datafield tag="650" ind1=" " ind2="0">
    <subfield code="a">Biomimetic materials</subfield>
    <subfield code="v">Congresses.</subfield>
  </datafield>
  <datafield tag="650" ind1="1" ind2="2">
    <subfield code="a">Biocompatible Materials</subfield>
    <subfield code="x">therapeutic use</subfield>
    <subfield code="v">Congresses.</subfield>
  </datafield>
  <datafield tag="650" ind1="2" ind2="2">
    <subfield code="a">Blood Substitutes</subfield>
    <subfield code="x">therapeutic use</subfield>
    <subfield code="v">Congresses.</subfield>
  </datafield>
  <datafield tag="650" ind1="2" ind2="2">
    <subfield code="a">Nanostructures</subfield>
    <subfield code="x">therapeutic use</subfield>
    <subfield code="v">Congresses.</subfield>
  </datafield>
  <datafield tag="650" ind1="2" ind2="2">
    <subfield code="a">Tissue Engineering</subfield>
    <subfield code="v">Congresses.</subfield>
  </datafield>
  <datafield tag="700" ind1="1" ind2=" ">
    <subfield code="a">Basu, Bikramjit.</subfield>
  </datafield>
  <datafield tag="700" ind1="1" ind2=" ">
    <subfield code="a">Katti, Dhirendra.</subfield>
  </datafield>
  <datafield tag="700" ind1="1" ind2=" ">
    <subfield code="a">Kumar, Ashok,</subfield>
    <subfield code="d">1963-</subfield>
  </datafield>
  <datafield tag="906" ind1=" " ind2=" ">
    <subfield code="a">7</subfield>
    <subfield code="b">cbc</subfield>
    <subfield code="c">orignew</subfield>
    <subfield code="d">1</subfield>
    <subfield code="e">ecip</subfield>
    <subfield code="f">20</subfield>
    <subfield code="g">y-gencatlg</subfield>
  </datafield>
  <datafield tag="942" ind1=" " ind2=" ">
    <subfield code="2">ddc</subfield>
    <subfield code="c">BK</subfield>
  </datafield>
  <datafield tag="952" ind1=" " ind2=" ">
    <subfield code="0">0</subfield>
    <subfield code="1">0</subfield>
    <subfield code="2">ddc</subfield>
    <subfield code="4">0</subfield>
    <subfield code="7">0</subfield>
    <subfield code="a">SMME</subfield>
    <subfield code="b">SMME</subfield>
    <subfield code="d">2015-07-29</subfield>
    <subfield code="l">1</subfield>
    <subfield code="o">610.28 ADV</subfield>
    <subfield code="p">SMME-756</subfield>
    <subfield code="q">2022-03-24</subfield>
    <subfield code="r">2021-11-24</subfield>
    <subfield code="s">2021-11-24</subfield>
    <subfield code="w">2015-07-29</subfield>
    <subfield code="y">BK</subfield>
  </datafield>
</record>
